000 01327nam a22002417a 4500
005 20240814174153.0
008 s1974 eng d
040 _aNALT
041 _aeng
245 1 0 _aThe declaration of independence and the constitution of the United States of America
260 3 _aWashington, D.C. :
_bUnited States Government Printing Office,
_c1974
300 _a54 p. ;
_b 23 cm.
505 0 _aHouse Concurrent Resolution Number 679 -- The Declaration of Independence Notes regarding the signing of the -- Declaration The Constitution of the United States of America Resolution of Monday, -- September 17, 1787 Report of September 17, 1787 Resolution of Friday, September 28, 1787 -- Resolution of Saturday, September 13, 1788 Amendments to the Constitution Proposed amendments to the -- Constitution not ratified by the States Note regarding typographical style Index to names -- to subjects.
650 0 4 _aConstitutional amendments -- United States
650 0 4 _aConstitutional law -- United States
650 0 4 _aConstitutions
650 0 4 _aConstitutions -- United States
650 0 4 _aDeclaration of independence -- United States
850 _aNALT
942 _cLB
_2lcc
999 _c20383
_d20383
998 _j25
_k นีลวัสน์ อินทรักษา
090 _aKD35.U6.1 U54D 1974